| 000 | 00500nam a2200133Ia 4500 | ||
|---|---|---|---|
| 005 | 20260209120145.0 | ||
| 008 | 260209s9999||||xx |||||||||||||| ||und|| | ||
| 100 | _aNeha Shree Bhatnagar | ||
| 245 | 0 | _aResponsibility-sharing in dealing with refugee crisis : challenges and solutions | |
| 260 |
_aBangaloreBangalore _bNLSIU, Bangalore _c2021 |
||
| 300 | _a54 p. ; 25 cm. | ||
| 700 | _aProf. Govindraj Hegde - GuideProf. Govindraj Hegde - Guide | ||
| 856 | _uhttps://dans.nls.ac.in/handle/123456789/875 | ||
| 999 |
_c217507 _d217507 |
||